[Event "Sao Paulo op"]
[Site "Sao Paulo"]
[Date "2023.06.24"]
[Round "3"]
[White "Lelis, Lucas Porto"]
[Black "Caldeira, Adriano"]
[Result "0-1"]
[WhiteElo "1815"]
[BlackElo "2117"]
[PlyCount "92"]
[EventDate "2023.06.23"]
[EventType "swiss"]
[EventRounds "6"]
[EventCountry "BRA"]
[SourceTitle "CBM 214 Extra"]
[Source "ChessBase"]
[SourceDate "2023.07.31"]
[SourceVersion "1"]
[SourceVersionDate "2023.07.31"]
[SourceQuality "1"]

1. e4 c5 2. Be2 Nc6 3. f4 Qc7 4. d3 e6 5. Nf3 g6 6. Be3 Bg7 7. c3 b6 8. 0-0 Nge7 9. a4 d6 10. d4 0-0 11. Na3 a6 12. Qe1 cxd4 13. cxd4 d5 14. e5 Nf5 15. Bd3 Nxe3 16. Qxe3 Bd7 17. Rac1 Qb7 18. Qd2 Rfc8 19. b4 Bf8 20. b5 Bxa3 21. bxc6 Bxc6 22. Ra1 Bf8 23. a5 b5 24. Rac1 b4 25. Qe2 Bd7 26. Nd2 b3 27. Rxc8 Bxc8 28. Rb1 b2 29. Nf3 Rb8 30. Qc2 Bd7 31. h3 Ba3 32. Qc3 Qb3 33. Qxb3 Rxb3 34. Bxa6 Bb4 35. Kf2 Bxa5 36. Ke2 Bc3 37. Kd3 Ra3 38. Bb7 Bb5+ 39. Kc2 Ba4+ 40. Kd3 Ra1 41. Kxc3 Rxb1 42. Ba6 Be8 43. Bb7 Rg1 44. Kxb2 Rxg2+ 45. Kc1 Rf2 46. Ng1 Rf1+ 0-1

[Event "Varginha Mineiro-ch"]
[Site "Varginha"]
[Date "2020.09.07"]
[Round "7"]
[White "Caldeira, Adriano"]
[Black "Fier, Alexandr"]
[Result "0-1"]
[WhiteElo "2195"]
[BlackElo "2560"]
[PlyCount "74"]
[EventDate "2020.09.04"]
[EventType "swiss"]
[EventRounds "7"]
[EventCountry "BRA"]
[SourceTitle "EXT 2021"]
[Source "ChessBase"]
[SourceDate "2020.10.23"]
[SourceVersion "1"]
[SourceVersionDate "2020.10.23"]
[SourceQuality "1"]

1. e4 c5 2. Nf3 d6 3. d4 cxd4 4. Nxd4 Nf6 5. Nc3 Bd7 6. Bg5 e6 7. f4 h6 8. Bh4 Nc6 9. Qd3 a6 10. Nf3 Qa5 11. Bxf6 gxf6 12. 0-0-0 Rc8 13. Kb1 b5 14. Nd4 Nxd4 15. Qxd4 b4 16. Ne2 Qc5 17. Qd2 a5 18. f5 h5 19. fxe6 fxe6 20. Nd4 a4 21. Be2 a3 22. b3 Bh6 23. Qd3 Qe5 24. c4 bxc3 25. Nc2 Ke7 26. Nxa3 Ra8 27. Nc4 Rxa2 28. Nxe5 Rb2+ 29. Ka1 Ra8+ 30. Qa6 Rxa6+ 31. Bxa6 fxe5 32. Bc4 Rxg2 33. Rdg1 Rd2 34. Rc1 d5 35. Ba6 d4 36. Bc4 Bc6 37. Rce1 Be3 0-1

[Event "Varginha Mineiro-ch"]
[Site "Varginha"]
[Date "2020.09.04"]
[Round "1"]
[White "Caldeira, Adriano"]
[Black "Dos Santos, Ronie Paiva"]
[Result "1-0"]
[WhiteElo "2195"]
[BlackElo "1760"]
[PlyCount "47"]
[EventDate "2020.09.04"]
[EventType "swiss"]
[EventRounds "7"]
[EventCountry "BRA"]
[SourceTitle "EXT 2021"]
[Source "ChessBase"]
[SourceDate "2020.10.23"]
[SourceVersion "1"]
[SourceVersionDate "2020.10.23"]
[SourceQuality "1"]

1. e4 e5 2. Nf3 Nc6 3. Bc4 Bc5 4. b4 Bxb4 5. c3 Ba5 6. d4 exd4 7. 0-0 Nge7 8. Ng5 Ne5 9. Bb3 h6 10. f4 hxg5 11. fxe5 d5 12. exd5 Nxd5 13. Rxf7 Kxf7 14. Qf3+ Ke6 15. Nd2 dxc3 16. Nc4 Bb6+ 17. Nxb6 axb6 18. Bxg5 Qxg5 19. Qxd5+ Kf5 20. Bc2+ Kg4 21. Qf3+ Kh4 22. g3+ Kh3 23. g4+ Kh4 24. Qg3# 1-0

[Event "Osasco Terzian Memorial"]
[Site "Osasco"]
[Date "2019.12.07"]
[Round "3"]
[White "De Assis, Fabio Nery"]
[Black "Caldeira, Adriano"]
[Result "0-1"]
[WhiteElo "1755"]
[BlackElo "2208"]
[PlyCount "60"]
[EventDate "2019.12.06"]
[EventType "swiss"]
[EventRounds "6"]
[EventCountry "BRA"]
[SourceTitle "CBM 193 Extra"]
[Source "ChessBase"]
[SourceDate "2020.01.31"]
[SourceVersion "1"]
[SourceVersionDate "2020.01.31"]
[SourceQuality "1"]

1. d4 d5 2. c4 c6 3. Nf3 Nf6 4. Nc3 e6 5. e3 Nbd7 6. Bd3 dxc4 7. Bxc4 b5 8. Bd3 a6 9. e4 c5 10. e5 cxd4 11. Nxb5 axb5 12. exf6 gxf6 13. Qe2 Qb6 14. Bxb5 Bd6 15. 0-0 Rg8 16. Rd1 Bb7 17. g3 Rg4 18. Nd2 h5 19. Nc4 Qc5 20. Nxd6+ Qxd6 21. Be3 Ke7 22. Bxd7 Rag8 23. Kf1 Ba6 24. Bb5 Qd5 25. Kg1 Bxb5 26. Qe1 Bc6 27. Qb4+ Ke8 28. Qb8+ Kd7 29. Qa7+ Kc8 30. Qa6+ Bb7 0-1

[Event "Osasco Terzian Memorial"]
[Site "Osasco"]
[Date "2019.12.06"]
[Round "2"]
[White "Caldeira, Adriano"]
[Black "Da Rosa, Henrique Jaze Simoe"]
[Result "1/2-1/2"]
[WhiteElo "2208"]
[BlackElo "1719"]
[PlyCount "86"]
[EventDate "2019.12.06"]
[EventType "swiss"]
[EventRounds "6"]
[EventCountry "BRA"]
[SourceTitle "CBM 193 Extra"]
[Source "ChessBase"]
[SourceDate "2020.01.31"]
[SourceVersion "1"]
[SourceVersionDate "2020.01.31"]
[SourceQuality "1"]

1. e4 e5 2. Nf3 Nc6 3. Bc4 Nf6 4. Ng5 d5 5. exd5 Na5 6. Bb5+ Bd7 7. Qe2 Be7 8. Nc3 Bxb5 9. Qxb5+ c6 10. dxc6 Nxc6 11. Nf3 Qc7 12. 0-0 0-0 13. d3 Nd4 14. Nxd4 exd4 15. Ne2 Rfd8 16. c4 dxc3 17. bxc3 Rd5 18. Qb1 Bd6 19. h3 Re8 20. Be3 b6 21. c4 Rh5 22. Qc1 Ng4 23. Nf4 Nxe3 24. fxe3 Bxf4 25. Rxf4 Rhe5 26. e4 Qc5+ 27. Kh1 Qd4 28. Qf1 R8e7 29. Rd1 Ra5 30. Qf2 Qxf2 31. Rxf2 Rc5 32. Kg1 Rd7 33. Rdd2 g6 34. Kf1 Rd4 35. Ke2 Rd6 36. Rb2 Ra5 37. Ke3 Ra3 38. Rb3 Ra4 39. c5 bxc5 40. Rc2 Rc6 41. Rbc3 Ra5 42. Kf4 Kg7 43. d4 Rf6+ 1/2-1/2

[Event "Concordia op 5th"]
[Site "Concordia"]
[Date "2019.05.04"]
[Round "8"]
[White "Caldeira, Adriano"]
[Black "Rodrigues, Edgar"]
[Result "0-1"]
[WhiteElo "2178"]
[BlackElo "2325"]
[PlyCount "104"]
[EventDate "2019.05.01"]
[EventType "swiss"]
[EventRounds "9"]
[EventCountry "BRA"]
[SourceTitle "CBM 190 Extra"]
[Source "ChessBase"]
[SourceDate "2019.07.15"]
[SourceVersion "1"]
[SourceVersionDate "2019.07.15"]
[SourceQuality "1"]

1. e4 e6 2. d4 d5 3. Nc3 Nf6 4. e5 Nfd7 5. f4 c5 6. Nf3 Nc6 7. Be3 a6 8. Qd2 b5 9. a3 g5 10. Ne2 g4 11. Nfg1 Bb7 12. h3 cxd4 13. Nxd4 Qh4+ 14. g3 Qh5 15. Be2 Rc8 16. Bxg4 Qg6 17. Nge2 h5 18. f5 Qh7 19. fxe6 hxg4 20. exd7+ Kxd7 21. Nxc6 Rxc6 22. Nd4 Qe4 23. 0-0-0 Rc4 24. h4 b4 25. axb4 Bxb4 26. Qf2 Kc7 27. Qxf7+ Kb8 28. Qf4 Qh7 29. e6+ Ka8 30. Rhf1 Rhc8 31. Qf5 Qc7 32. Bf4 Qb6 33. Qd3 Bc5 34. Nb3 Ba3 35. Rd2 Rc3 36. Qxc3 Rxc3 37. e7 Rc8 38. e8Q Bxb2+ 39. Kxb2 Rxe8 40. h5 Re4 41. h6 Qf6+ 42. Kb1 a5 43. Nxa5 Qa6 44. Rd3 Qxa5 45. h7 Re8 46. Be5 Ba6 47. Kb2 Qb4+ 48. Rb3 Qe4 49. Rb8+ Rxb8+ 50. Bxb8 Qd4+ 51. c3 Qb6+ 52. Kc2 Qxb8 0-1

[Event "Concordia op 5th"]
[Site "Concordia"]
[Date "2019.05.01"]
[Round "2"]
[White "Caldeira, Adriano"]
[Black "Woichinevski, Joao Vinicius Peru"]
[Result "1-0"]
[WhiteElo "2178"]
[BlackElo "1733"]
[PlyCount "61"]
[EventDate "2019.05.01"]
[EventType "swiss"]
[EventRounds "9"]
[EventCountry "BRA"]
[SourceTitle "CBM 190 Extra"]
[Source "ChessBase"]
[SourceDate "2019.07.15"]
[SourceVersion "1"]
[SourceVersionDate "2019.07.15"]
[SourceQuality "1"]

1. e4 e5 2. Nf3 Nc6 3. Bb5 a6 4. Ba4 Nf6 5. d3 b5 6. Bb3 Be7 7. 0-0 d6 8. c3 0-0 9. h3 Na5 10. Bc2 c5 11. Nbd2 Qc7 12. Qe2 h6 13. Re1 Be6 14. Nf1 Rfe8 15. N3h2 Nc6 16. f4 c4 17. f5 cxd3 18. Bxd3 Bd7 19. Ne3 Qb6 20. Kh1 b4 21. Nhg4 Nxg4 22. Qxg4 Kh7 23. Nd5 Qb7 24. Qh5 Rf8 25. f6 Bxf6 26. Nxf6+ gxf6 27. Qxh6+ Kg8 28. Re3 Ne7 29. Rg3+ Ng6 30. Rxg6+ fxg6 31. Bc4+ 1-0

[Event "Pocos de Caldas op"]
[Site "Pocos de Caldas"]
[Date "2019.02.09"]
[Round "3"]
[White "Caldeira, Adriano"]
[Black "Guedes, Matheus Resende"]
[Result "1-0"]
[WhiteElo "2156"]
[BlackElo "1933"]
[PlyCount "50"]
[EventDate "2019.02.08"]
[EventType "swiss"]
[EventRounds "6"]
[EventCountry "BRA"]
[SourceTitle "CBM 188 Extra"]
[Source "ChessBase"]
[SourceDate "2019.02.28"]
[SourceVersion "1"]
[SourceVersionDate "2019.02.28"]
[SourceQuality "1"]

1. e4 e5 2. Nf3 Nc6 3. Nc3 Nf6 4. Bb5 Nd4 5. Bc4 Bc5 6. Nxe5 d5 7. Nxd5 0-0 8. Nxf6+ Qxf6 9. Nf3 Re8 10. 0-0 Rxe4 11. Nxd4 Bxd4 12. Be2 Bxb2 13. Bxb2 Qxb2 14. Bd3 Re7 15. Qh5 h6 16. f4 Qf6 17. Kh1 Bd7 18. Rae1 Rae8 19. Rxe7 Qxe7 20. Qa5 Bc6 21. Qxa7 b6 22. Qa6 Qc5 23. Qc4 Qxc4 24. Bxc4 Re4 25. Bd3 Ra4 1-0

[Event "Florianopolis op 5th"]
[Site "Florianopolis"]
[Date "2019.01.26"]
[Round "9"]
[White "Souza, Adwilhans Luciano"]
[Black "Caldeira, Adriano"]
[Result "1/2-1/2"]
[WhiteElo "2368"]
[BlackElo "2157"]
[PlyCount "151"]
[EventDate "2019.01.21"]
[EventType "swiss"]
[EventRounds "10"]
[EventCountry "BRA"]
[SourceTitle "CBM 188 Extra"]
[Source "ChessBase"]
[SourceDate "2019.02.28"]
[SourceVersion "1"]
[SourceVersionDate "2019.02.28"]
[SourceQuality "1"]

1. e4 c5 2. Nf3 Nc6 3. d4 cxd4 4. Nxd4 g6 5. Nc3 Bg7 6. Be3 Nf6 7. Bc4 0-0 8. Bb3 d6 9. f3 Bd7 10. Qd2 Nxd4 11. Bxd4 b5 12. 0-0 a5 13. Nd5 Nxd5 14. Bxd5 Bxd4+ 15. Qxd4 Rc8 16. c3 Qc7 17. Rfd1 Rfd8 18. a3 Rb8 19. Bb3 Be8 20. h4 Rdc8 21. h5 Qc5 22. hxg6 hxg6 23. Kf2 Qxd4+ 24. Rxd4 Rc5 25. Re1 Kg7 26. f4 Kf6 27. Bd1 Rb6 28. Rd5 Rxd5 29. exd5 Rb7 30. Ke3 Rc7 31. Be2 Bd7 32. Bd3 Rb7 33. Kd4 Bf5 34. Be2 Bc2 35. b4 Ba4 36. Bd3 axb4 37. axb4 Rc7 38. Ra1 e5+ 39. dxe6 fxe6 40. c4 bxc4 41. Bxc4 e5+ 42. fxe5+ dxe5+ 43. Kd3 Bc6 44. g3 Kf5 45. Rf1+ Kg4 46. b5 Bf3 47. b6 Re7 48. Ke3 Bb7 49. Be2+ Kh3 50. Rc1 Re6 51. Rb1 Kxg3 52. Bd3 e4 53. Be2 Rc6 54. Rg1+ Kh2 55. Rb1 Kg2 56. Rb5 Kg3 57. Rb1 Kh4 58. Rb4 Rd6 59. Rb1 Kg5 60. Bf1 Kf5 61. Be2 Ke5 62. Rb5+ Ke6 63. Rb1 Rc6 64. Rg1 Kf6 65. Rb1 Ke6 66. Rg1 Ke7 67. Rb1 Kd6 68. Kd4 Rc2 69. Bc4 Rd2+ 70. Ke3 Rg2 71. Kd4 g5 72. Rf1 Rd2+ 73. Kc3 Rh2 74. Rf6+ Kc5 75. Rf5+ Kxb6 76. Rxg5 1/2-1/2

[Event "Florianopolis op 5th"]
[Site "Florianopolis"]
[Date "2019.01.23"]
[Round "4"]
[White "Caldeira, Adriano"]
[Black "Melo, Gabrieli De"]
[Result "1-0"]
[WhiteElo "2157"]
[BlackElo "1755"]
[PlyCount "125"]
[EventDate "2019.01.21"]
[EventType "swiss"]
[EventRounds "10"]
[EventCountry "BRA"]
[SourceTitle "CBM 188 Extra"]
[Source "ChessBase"]
[SourceDate "2019.02.28"]
[SourceVersion "1"]
[SourceVersionDate "2019.02.28"]
[SourceQuality "1"]

1. e4 c5 2. Nf3 Nc6 3. d4 cxd4 4. Nxd4 Nf6 5. Nc3 d6 6. Bg5 e6 7. Qd2 Nxd4 8. Qxd4 Be7 9. 0-0-0 0-0 10. f3 Qa5 11. h4 Rd8 12. Kb1 h6 13. Be3 Nh5 14. Ne2 Bf6 15. Qd2 Qxd2 16. Bxd2 Be7 17. g4 Nf6 18. g5 hxg5 19. hxg5 Nd7 20. f4 g6 21. Bc3 e5 22. Ng3 f6 23. Bc4+ Kg7 24. gxf6+ Nxf6 25. fxe5 dxe5 26. Rxd8 Bxd8 27. Bxe5 Bd7 28. Rg1 Kh8 29. Rf1 Kg7 30. Bc3 Bc6 31. e5 Nd5 32. Bd4 Bb6 33. Bxb6 Nxb6 34. Rf7+ Kh6 35. Bd3 Nd7 36. Re7 Nc5 37. Ne2 Rd8 38. Nf4 Kg5 39. Rf7 Be4 40. b4 Nxd3 41. Ne6+ Kg4 42. Nxd8 Nxe5 43. Re7 Kf5 44. Nxb7 Kf6 45. Rc7 g5 46. Nc5 Bf5 47. Kc1 g4 48. Kd2 g3 49. Ke3 g2 50. Kf2 Bh3 51. Ne4+ Kf5 52. Nd2 Ng4+ 53. Kg1 Ne5 54. Rh7 Kg4 55. a4 Nc6 56. Ne4 Kf5 57. b5 Nd4 58. Rxh3 Ne2+ 59. Kxg2 Nf4+ 60. Kg3 Nxh3 61. Kxh3 Kxe4 62. Kg4 Kd5 63. c4+ 1-0

[Event "Florianopolis Regional STD op"]
[Site "Florianopolis"]
[Date "2018.10.14"]
[Round "5"]
[White "Nunes, Sidney Jr"]
[Black "Caldeira, Adriano"]
[Result "1/2-1/2"]
[WhiteElo "2060"]
[BlackElo "2135"]
[PlyCount "40"]
[EventDate "2018.10.12"]
[EventType "swiss"]
[EventRounds "6"]
[EventCountry "BRA"]
[SourceTitle "CBM 186 Extra"]
[Source "ChessBase"]
[SourceDate "2018.08.24"]
[SourceVersion "1"]
[SourceVersionDate "2018.08.24"]
[SourceQuality "1"]

1. c4 Nf6 2. Nc3 g6 3. g3 Bg7 4. Bg2 0-0 5. d3 d6 6. e4 e5 7. Nge2 Nc6 8. 0-0 Nd4 9. h3 c6 10. Be3 Nd7 11. Qd2 Nc5 12. f4 a5 13. Kh2 Rb8 14. Bg1 Nce6 15. f5 Nxe2 16. Nxe2 Nd4 17. g4 Bf6 18. Be3 Nxe2 19. Qxe2 Bg5 20. Qd2 Bxe3 1/2-1/2

[Event "Florianopolis Regional STD op"]
[Site "Florianopolis"]
[Date "2018.10.13"]
[Round "4"]
[White "Caldeira, Adriano"]
[Black "Borges, Guilherme Deola"]
[Result "1-0"]
[WhiteElo "2135"]
[BlackElo "2182"]
[PlyCount "85"]
[EventDate "2018.10.12"]
[EventType "swiss"]
[EventRounds "6"]
[EventCountry "BRA"]
[SourceTitle "CBM 186 Extra"]
[Source "ChessBase"]
[SourceDate "2018.08.24"]
[SourceVersion "1"]
[SourceVersionDate "2018.08.24"]
[SourceQuality "1"]

1. e4 c6 2. d4 d5 3. Nd2 dxe4 4. Nxe4 Bf5 5. Ng3 Bg6 6. h4 h6 7. h5 Bh7 8. Nf3 Nd7 9. Bd3 Bxd3 10. Qxd3 e6 11. Bd2 Ngf6 12. 0-0-0 Be7 13. Kb1 0-0 14. Ne4 Nxe4 15. Qxe4 Nf6 16. Qe2 Qd5 17. Ne5 Qe4 18. Be3 Nd5 19. Rh3 Bg5 20. Nd7 Nxe3 21. fxe3 Rfe8 22. Nc5 Qd5 23. e4 Qd6 24. Nxb7 Qe7 25. Qa6 e5 26. d5 cxd5 27. Rxd5 Qb4 28. Rhd3 Rab8 29. Rd7 Re6 30. Qxa7 Rc8 31. c3 Qxe4 32. Nc5 Qf4 33. a4 Rxc5 34. Qxc5 Qxa4 35. Qc8+ Kh7 36. Rxf7 Rf6 37. Rxf6 Bxf6 38. Qf5+ Kh8 39. Qc8+ Kh7 40. c4 Qb4 41. Qf5+ Kh8 42. Qe4 Qa4 43. Ra3 1-0

[Event "Florianopolis op 4th"]
[Site "Florianopolis"]
[Date "2018.01.20"]
[Round "3"]
[White "Ramos, Angelo Bil"]
[Black "Caldeira, Adriano"]
[Result "0-1"]
[WhiteElo "1964"]
[BlackElo "2136"]
[PlyCount "50"]
[EventDate "2018.01.19"]
[EventType "swiss"]
[EventRounds "10"]
[EventCountry "BRA"]
[SourceTitle "EXT 2019"]
[Source "ChessBase"]
[SourceDate "2018.10.10"]
[SourceVersion "1"]
[SourceVersionDate "2018.10.10"]
[SourceQuality "1"]

1. d4 d5 2. c4 c6 3. Nf3 Nf6 4. Qc2 e6 5. Bg5 h6 6. Bxf6 Qxf6 7. cxd5 exd5 8. e3 Bd6 9. Bd3 Nd7 10. Nc3 Nf8 11. Rb1 Be6 12. b4 Rc8 13. a4 g5 14. e4 Qe7 15. Qb2 Bg4 16. 0-0 Bxf3 17. gxf3 g4 18. fxg4 Bxh2+ 19. Kg2 Qh4 20. Qe2 Ne6 21. exd5 cxd5 22. Nxd5 Kf8 23. Rh1 Qg5 24. Bf5 Rg8 25. Rxh2 Qxf5 0-1

[Event "Caioba Telecom op"]
[Site "Caioba"]
[Date "2017.10.01"]
[Round "8"]
[White "Ribeiro, Allysson"]
[Black "Caldeira, Adriano"]
[Result "1-0"]
[WhiteElo "1858"]
[BlackElo "2193"]
[PlyCount "46"]
[EventDate "2017.09.28"]
[EventType "swiss"]
[EventRounds "8"]
[EventCountry "BRA"]
[SourceTitle "EXT 2020"]
[Source "ChessBase"]
[SourceDate "2019.10.17"]
[SourceVersion "1"]
[SourceVersionDate "2019.10.17"]
[SourceQuality "1"]

1. d4 Nf6 2. c4 g6 3. Nc3 Bg7 4. e4 d6 5. f4 0-0 6. Nf3 c5 7. d5 e6 8. Be2 exd5 9. cxd5 Re8 10. e5 dxe5 11. fxe5 Ng4 12. e6 fxe6 13. d6 a6 14. Ng5 Nf6 15. 0-0 b5 16. Nce4 Nxe4 17. Nxe4 Nd7 18. Bg5 Qb6 19. Be7 Bxb2 20. Bg4 Bd4+ 21. Kh1 Kh8 22. Ng5 Bg7 23. Rf7 Qc6 1-0

[Event "Caioba Telecom op"]
[Site "Caioba"]
[Date "2017.09.29"]
[Round "4"]
[White "De Borba, Gabriel"]
[Black "Caldeira, Adriano"]
[Result "1/2-1/2"]
[WhiteElo "1891"]
[BlackElo "2193"]
[PlyCount "52"]
[EventDate "2017.09.28"]
[EventType "swiss"]
[EventRounds "8"]
[EventCountry "BRA"]
[SourceTitle "EXT 2018"]
[Source "ChessBase"]
[SourceDate "2017.10.13"]
[SourceVersion "1"]
[SourceVersionDate "2017.10.13"]
[SourceQuality "1"]

1. e4 c5 2. Nf3 e6 3. d4 cxd4 4. Nxd4 Nf6 5. Nc3 d6 6. Be2 a6 7. f4 Nc6 8. Be3 Be7 9. 0-0 0-0 10. Qe1 Qc7 11. Rd1 Nxd4 12. Bxd4 e5 13. Be3 exf4 14. Rxf4 Be6 15. Qg3 Kh8 16. Rd2 Nd7 17. Nd5 Bxd5 18. exd5 Ne5 19. c4 f5 20. Bd4 Ng6 21. Rf1 Bf6 22. Qc3 Rae8 23. Bd3 Bxd4+ 24. Qxd4 Ne5 25. Rff2 Nxd3 26. Qxd3 g6 1/2-1/2

[Event "Aldeia de Barueri op"]
[Site "Aldeia de Barueri"]
[Date "2017.08.05"]
[Round "4"]
[White "Caldeira, Adriano"]
[Black "Heinrichs, Vivian"]
[Result "1-0"]
[WhiteElo "2187"]
[BlackElo "1993"]
[PlyCount "63"]
[EventDate "2017.08.04"]
[EventType "swiss"]
[EventRounds "6"]
[EventCountry "BRA"]
[SourceTitle "CBM 180 Extra"]
[Source "ChessBase"]
[SourceDate "2017.10.06"]
[SourceVersion "1"]
[SourceVersionDate "2017.10.06"]
[SourceQuality "1"]

1. e4 d5 2. exd5 Nf6 3. d4 Nxd5 4. Nf3 g6 5. h3 Bg7 6. c4 Nb6 7. Nc3 0-0 8. Be3 Nc6 9. Qd2 e5 10. d5 Ne7 11. 0-0-0 Nf5 12. g4 Nxe3 13. fxe3 Qe7 14. Kb1 Qb4 15. a3 Qe7 16. e4 Bd7 17. Qe3 Ba4 18. Rc1 c5 19. Nxa4 Nxa4 20. h4 a6 21. b3 Nb6 22. h5 Bf6 23. Rc2 Nd7 24. hxg6 fxg6 25. g5 Bh8 26. Bh3 Rf4 27. Be6+ Kg7 28. Rch2 Nf8 29. Qg1 Nxe6 30. Rxh7+ Kf8 31. Rxh8+ Kf7 32. Nxe5+ 1-0

[Event "Aldeia de Barueri op"]
[Site "Aldeia de Barueri"]
[Date "2017.08.04"]
[Round "2"]
[White "Caldeira, Adriano"]
[Black "De Freitas, Fabio Ruiz"]
[Result "1-0"]
[WhiteElo "2187"]
[BlackElo "1576"]
[PlyCount "47"]
[EventDate "2017.08.04"]
[EventType "swiss"]
[EventRounds "6"]
[EventCountry "BRA"]
[SourceTitle "CBM 180 Extra"]
[Source "ChessBase"]
[SourceDate "2017.10.06"]
[SourceVersion "1"]
[SourceVersionDate "2017.10.06"]
[SourceQuality "1"]

1. e4 c5 2. Nf3 Nc6 3. d4 cxd4 4. Nxd4 g6 5. Nc3 Bg7 6. Be3 Nf6 7. Bc4 Qa5 8. 0-0 0-0 9. Bb3 d6 10. h3 Bd7 11. f4 Nxd4 12. Bxd4 Bc6 13. Qd3 Rad8 14. Qe3 Nd7 15. Bxg7 Kxg7 16. Kh1 Nc5 17. Bd5 Qb4 18. b3 e6 19. f5 exd5 20. f6+ Kh8 21. exd5 Bd7 22. Qh6 Rg8 23. Rf4 Qxc3 24. Qxh7+ 1-0

[Event "Florianopolis op 3rd"]
[Site "Florianopolis"]
[Date "2017.01.25"]
[Round "8"]
[White "Carstens Dobuchak, Thiago"]
[Black "Caldeira, Adriano"]
[Result "0-1"]
[WhiteElo "2029"]
[BlackElo "2213"]
[PlyCount "120"]
[EventDate "2017.01.20"]
[EventType "swiss"]
[EventRounds "10"]
[EventCountry "BRA"]
[SourceTitle "CBM 176 Extra"]
[Source "ChessBase"]
[SourceDate "2017.03.02"]
[SourceVersion "1"]
[SourceVersionDate "2017.03.02"]
[SourceQuality "1"]

1. e4 c5 2. Nf3 e6 3. d4 cxd4 4. Nxd4 Nf6 5. Bd3 Nc6 6. Nxc6 bxc6 7. 0-0 d5 8. Nd2 Bd6 9. Qe2 Qc7 10. h3 0-0 11. b3 e5 12. Bb2 Bd7 13. f4 Rfe8 14. Rae1 Nxe4 15. Nxe4 dxe4 16. Bxe4 exf4 17. Qd3 h6 18. Rd1 Bc5+ 19. Kh1 Rad8 20. Qc3 Bf8 21. Bf3 Re3 22. Qd4 c5 23. Qd2 Be7 24. Qf2 g5 25. Rde1 Re6 26. Bd5 Rxe1 27. Qxe1 Kf8 28. Qc3 f6 29. Re1 Bf5 30. Bf3 Kg7 31. Bh5 Bg6 32. Bxg6 Kxg6 33. Qc4 Kg7 34. Qe6 Rd7 35. Qf5 Rd6 36. Qe4 Bd8 37. Bc3 Qd7 38. Kh2 Qc6 39. Qf5 Qd5 40. Qg4 Kg6 41. Re8 Qd1 42. Qc8 f3 43. Qb7 Qd5 44. Qxd5 Rxd5 45. gxf3 h5 46. Kg2 Kf5 47. Re4 Rd1 48. Rc4 Be7 49. Re4 Bd6 50. a4 Be5 51. Bxe5 Rd2+ 52. Kg1 fxe5 53. Rc4 a6 54. a5 Re2 55. Rxc5 Kf4 56. Rc6 Kxf3 57. Rxa6 Rxc2 58. Rb6 g4 59. a6 Rc1+ 60. Kh2 g3# 0-1